000 00848nam a22002417a 4500
003 UA-OsUOA
001 49166
007 ta
008 20131213b un ||||| |||| 00| 0 ukr d
100 _aТершаковець М.
090 _a244
_bТ35
942 _cBR
040 _aUA-OsUOA
_bukr
_cUA-OsUOA
_dUA-OsUOA
245 _aПатріот, учений, Ієрарх: Пієтизм Блаженнішого Архиєписокпа і Митрополита Кардинала Йосифа у відношенні до о. М. Шашкевича
300 _a36 с.
955 _a4
041 _aukr
080 _a244
260 _aВінніпег
_c1968
650 7 _a2 Релігія. Теологія.
_2UDC
999 _c429259
_d429259